Malalcahuello.

Bibliographic Details
Corporate Author: Instituto Geográfico Militar (Chile)
Format: Mapa
Language:Spanish
Published: Santiago, Chile Instituto Geográfico Militar 2007
Edition:2a. ed.
Subjects:

MARC

LEADER 00000cem a2200000 a 4500
001 038829
003 UAHC_CL
005 20170803124312.0
008 100902s2007 cl 000 spa
040 |a UAHC_CL  |c UAHC_CL  |d UAHC_CL 
245 1 0 |a Malalcahuello. 
250 |a 2a. ed. 
255 |a Escala: 1:50.000 
260 |b Instituto Geográfico Militar  |c 2007  |a Santiago, Chile 
300 |a 1 mapa mural  |b col.  |c 55 x 43 cm sobre pliego 80 x 62 cm 
500 |a Escala: 1:50.000 
651 4 |a MALALCAHUELLO (CHILE)  |v MAPAS 
651 4 |a ARAUCANIA (CHILE)  |v MAPAS 
710 1 |a Instituto Geográfico Militar (Chile) 
900 |a R.912.8345 MAL 
942 |c MAP 
952 |0 0  |1 0  |4 0  |6 R__912_834500000000000_MAL  |7 0  |8 Mapoteca  |9 74246  |a BC  |b BC  |c Mapoteca  |d 2017-08-03  |l 1  |o R.912.8345 MAL  |p 1378764  |r 2019-12-09 00:00:00  |s 2017-11-08  |t 1  |w 2017-08-03  |y MAP 
952 |0 0  |1 0  |4 0  |6 R__912_834500000000000_MAL  |7 0  |8 Mapoteca  |9 74247  |a BC  |b BC  |c Mapoteca  |d 2017-08-03  |l 1  |o R.912.8345 MAL  |p 1420747  |r 2019-12-09 00:00:00  |s 2017-11-08  |t 1  |w 2017-08-03  |y MAP 
999 |c 38829  |d 38829